Biotechnology Demystifying the concepts (Record no. 105528)
[ view plain ]
| 000 -LEADER | |
|---|---|
| fixed length control field | 00662nam a2200217Ia 4500 |
| 003 - CONTROL NUMBER IDENTIFIER | |
| control field | OSt |
| 005 - DATE AND TIME OF LATEST TRANSACTION | |
| control field | 20251205112002.0 |
| 008 - FIXED-LENGTH DATA ELEMENTS--GENERAL INFORMATION | |
| fixed length control field | 210210b2003 xxu||||| |||| 00| 0 eng d |
| 020 ## - INTERNATIONAL STANDARD BOOK NUMBER | |
| International Standard Book Number | 8178088479 |
| 040 ## - CATALOGING SOURCE | |
| Original cataloging agency | AL |
| Transcribing agency | |
| 041 ## - LANGUAGE CODE | |
| Language code of text/sound track or separate title | English |
| 082 ## - DEWEY DECIMAL CLASSIFICATION NUMBER | |
| Classification number | 620.8 BOUB |
| 100 ## - MAIN ENTRY--PERSONAL NAME | |
| Personal name | Bourgaiz David and others |
| 9 (RLIN) | 33128 |
| 245 ## - TITLE STATEMENT | |
| Title | Biotechnology Demystifying the concepts |
| 260 ## - PUBLICATION, DISTRIBUTION, ETC. | |
| Place of publication, distribution, etc. | New Delhi |
| Name of publisher, distributor, etc. | Pearson Education |
| Date of publication, distribution, etc. | 2003 |
| 300 ## - PHYSICAL DESCRIPTION | |
| Extent | xvi,416p |
| 650 ## - SUBJECT ADDED ENTRY--TOPICAL TERM | |
| Topical term or geographic name entry element | DNA generalizations mendelian genetics chromosomes genetic disease and gene therapy aids HIV Cancer war against cancer |
| 9 (RLIN) | 33129 |
| 690 ## - LOCAL SUBJECT ADDED ENTRY--TOPICAL TERM (OCLC, RLIN) | |
| Topical term or geographic name as entry element | Biotechnology |
| 9 (RLIN) | 33130 |
| 906 ## - LOCAL DATA ELEMENT F, LDF (RLIN) | |
| a | 058247 |
| 942 ## - ADDED ENTRY ELEMENTS (KOHA) | |
| Source of classification or shelving scheme | Dewey Decimal Classification |
| Koha item type | Book |
| Withdrawn status | Lost status | Damaged status | Not for loan | Collection code | Home library | Current library | Shelving location | Date acquired | Source of acquisition | Cost, normal purchase price | Total Checkouts | Full call number | Barcode | Date last seen | Price effective from | Koha item type |
|---|---|---|---|---|---|---|---|---|---|---|---|---|---|---|---|---|
| St Aloysius Library | St Aloysius Library | 02/17/2021 | Sita Book House, Mangalore. | 225.00 | 620.8 BOUB | 058250 | 02/17/2021 | 02/17/2021 | Book | |||||||
| St Aloysius Library | St Aloysius Library | 02/17/2021 | Sita Book House, Mangalore. | 225.00 | 620.8 BOUB | 058247 | 02/17/2021 | 02/17/2021 | Book | |||||||
| St Aloysius Library | St Aloysius Library | 02/17/2021 | Sita Book House, Mangalore. | 225.00 | 620.8 BOUB | 058248 | 02/17/2021 | 02/17/2021 | Book | |||||||
| St Aloysius Library | St Aloysius Library | 02/17/2021 | Sita Book House, Mangalore. | 225.00 | 620.8 BOUB | 058249 | 02/17/2021 | 02/17/2021 | Book |